Teaching physical education to special students /

Salvato in:
Dettagli Bibliografici
Autore principale: Dewey, Margaret A.
Altri autori: Dewey, Russel A (joint author.)
Natura: Libro
Lingua:English
Pubblicazione: Portland, Maine : J. W. Walch, 1974.
Soggetti:
LEADER 01084nam a2200265 a 4500
001 c000044576
003 CARM
005 19880620000000.0
008 791010s1974 meu 000 0 eng d
019 1 |a 1520011  |z 14158207  |z 57947976  |5 LACONCORD2021 
035 |a (OCoLC)2223323  |5 LACONCORD2021 
040 |a VCAV  |b eng  |c VCAV  |d ABN-SNR 
082 1 4 |a 371.9/044  |2 19 
100 1 |a Dewey, Margaret A. 
245 1 0 |a Teaching physical education to special students /  |c by Margaret A. Dewey and Russell A. Dewey. 
260 |a Portland, Maine :  |b J. W. Walch,  |c 1974. 
300 |a 81 p. ;  |c 29 cm. 
500 |a Includes bibliographical references. 
650 0 |a Physical education for handicapped children. 
650 0 |a Physical education for handicapped persons. 
650 0 |a Physical education and training. 
700 1 |a Dewey, Russel A,  |e joint author. 
852 8 |b CARM  |h A2:AN18C0  |i D03978  |p 0183274  |f BK 
999 f f |i f27e4c44-db4d-5d33-a690-57ddf6d18a19  |s a88415f2-b5b7-5b86-9e6b-fcdef0c48398 
952 f f |p Can circulate  |a CAVAL  |b CAVAL  |c CAVAL  |d CARM 1 Store  |e D03978  |f A2:AN18C0  |h Other scheme  |i book  |m 0183274